[Event "Isthmia op 3rd"]
[Site "Vrachati"]
[Date "2013.08.19"]
[Round "2"]
[White "Cherednichenko, Svetlana"]
[Black "Drakopoulos, Polyhronis Panayot"]
[Result "1-0"]
[WhiteElo "2283"]
[BlackElo "1939"]
[PlyCount "81"]
[EventDate "2013.08.18"]
[EventType "swiss"]
[EventRounds "9"]
[EventCountry "GRE"]
[SourceTitle "CBM 156 Extra"]
[Source "ChessBase"]
[SourceDate "2013.10.22"]
[SourceVersion "1"]
[SourceVersionDate "2013.10.22"]
[SourceQuality "1"]

1. d4 Nf6 2. Nf3 e6 3. c4 Bb4+ 4. Nbd2 b6 5. a3 Bxd2+ 6. Bxd2 Bb7 7. Bg5 h6 8. Bh4 g5 9. Bg3 Ne4 10. d5 Nxg3 11. hxg3 Qf6 12. Qd2 d6 13. Rc1 Nd7 14. b4 e5 15. e3 g4 16. Nh4 0-0-0 17. Bd3 Kb8 18. a4 c5 19. Bf5 h5 20. a5 bxa5 21. Bxd7 Rxd7 22. bxc5 dxc5 23. Qxa5 Qb6 24. Qc3 Qb4 25. 0-0 Qxc3 26. Rxc3 Kc7 27. Ra1 a6 28. Rb3 Rc8 29. Ra5 Kd8 30. Rb6 Rb8 31. Rxc5 Rc7 32. Rd6+ Kc8 33. Rxc7+ Kxc7 34. Rf6 a5 35. Nf5 a4 36. Nd6 Ba6 37. c5 a3 38. Rxf7+ Kd8 39. c6 Rb1+ 40. Kh2 Rc1 41. Rd7# 1-0

[Event "GRE-chT U16"]
[Site "Patras"]
[Date "2012.12.15"]
[Round "1.2"]
[White "Kiritsis, Nikolaos"]
[Black "Drakopoulos, Polyhronis Panayot"]
[Result "0-1"]
[WhiteElo "1429"]
[BlackElo "1812"]
[PlyCount "72"]
[EventDate "2012.12.15"]
[EventType "team"]
[EventRounds "5"]
[EventCountry "GRE"]
[SourceTitle "EXT 2020"]
[Source "ChessBase"]
[SourceDate "2019.10.17"]
[SourceVersion "1"]
[SourceVersionDate "2019.10.17"]
[SourceQuality "1"]

1. d4 Nf6 2. c4 e6 3. Nf3 Bb4+ 4. Nc3 c5 5. Bg5 h6 6. Bh4 d6 7. a3 Bxc3+ 8. bxc3 0-0 9. Qc2 Nbd7 10. e4 e5 11. Rd1 Qe7 12. Bd3 Re8 13. 0-0 Nf8 14. Rfe1 g5 15. Bg3 Ng6 16. h3 Nh5 17. Bh2 Nhf4 18. Bxf4 Nxf4 19. Bf1 Qf6 20. Re3 Kg7 21. d5 h5 22. Nxg5 h4 23. Nf3 Rg8 24. Kh2 Kh8 25. Ng1 Bd7 26. Rf3 Qg6 27. g3 Rg7 28. Re1 Rag8 29. Ree3 f5 30. Bd3 Nxh3 31. Nxh3 f4 32. Re2 Bxh3 33. Kxh3 Qg4+ 34. Kg2 h3+ 35. Kh2 Qxf3 36. Kxh3 Rh7# 0-1

[Event "Attica-ch U14"]
[Site "Peristeri"]
[Date "2012.04.20"]
[Round "5"]
[White "Kontogiannis, Alexandros L"]
[Black "Drakopoulos, Polyhronis Panayot"]
[Result "0-1"]
[WhiteElo "1401"]
[BlackElo "1712"]
[PlyCount "72"]
[EventDate "2012.04.17"]
[EventType "swiss"]
[EventRounds "7"]
[EventCountry "GRE"]
[SourceTitle "EXT 2024"]
[Source "ChessBase"]
[SourceDate "2023.10.10"]
[SourceVersion "1"]
[SourceVersionDate "2023.10.10"]
[SourceQuality "1"]

1. e4 c5 2. Nc3 Nc6 3. f4 g6 4. Nf3 Bg7 5. Bc4 e6 6. 0-0 Nge7 7. Qe1 0-0 8. d3 d5 9. exd5 exd5 10. Bb3 a6 11. a4 b6 12. Qh4 Qd7 13. Ng5 h6 14. Nf3 Bb7 15. Ne5 Nxe5 16. fxe5 g5 17. Qg3 Ng6 18. Re1 Rae8 19. e6 fxe6 20. Bd2 Bd4+ 21. Be3 Bg7 22. Bf2 Rf7 23. a5 Ref8 24. Rf1 Rxf2 25. Rxf2 Rxf2 26. Kxf2 Bd4+ 27. Ke2 b5 28. Kd2 c4 29. dxc4 dxc4 30. Kc1 cxb3 31. Qd3 Nf4 32. Qd2 b4 33. Na4 Nxg2 34. Kb1 Be4 35. h3 Bxc2+ 36. Kc1 Be3 0-1

[Event "Attica-ch U14"]
[Site "Peristeri"]
[Date "2012.04.18"]
[Round "3"]
[White "Laspas, Panagiotis"]
[Black "Drakopoulos, Polyhronis Panayot"]
[Result "0-1"]
[WhiteElo "1592"]
[BlackElo "1712"]
[PlyCount "104"]
[EventDate "2012.04.17"]
[EventType "swiss"]
[EventRounds "7"]
[EventCountry "GRE"]
[SourceTitle "EXT 2024"]
[Source "ChessBase"]
[SourceDate "2023.10.10"]
[SourceVersion "1"]
[SourceVersionDate "2023.10.10"]
[SourceQuality "1"]

1. e4 c5 2. Nf3 Nc6 3. Bb5 Nf6 4. Nc3 g6 5. Bxc6 dxc6 6. 0-0 Bg7 7. Qe2 0-0 8. Rd1 Qc7 9. d4 cxd4 10. Nxd4 a6 11. e5 Nd5 12. f4 Nxc3 13. bxc3 c5 14. Nb3 b6 15. a4 a5 16. Rb1 Ba6 17. Qe3 Rfd8 18. Re1 Qc6 19. Ra1 e6 20. Nd2 Bf8 21. Ne4 Be7 22. Qh3 h5 23. Bd2 Rd7 24. Re3 Rad8 25. Qf3 Bb7 26. Rae1 Rxd2 27. Nxd2 Rxd2 28. Qxc6 Bxc6 29. Rd3 Rxd3 30. cxd3 Bxa4 31. Rb1 Bd8 32. Rb2 Bd7 33. c4 Kf8 34. Kf2 Bc6 35. g3 Ke7 36. Ke3 Kd7 37. Kd2 Kc7 38. Kc3 Kb7 39. Rf2 b5 40. h3 b4+ 41. Kb2 Bc7 42. g4 h4 43. g5 a4 44. Ka2 Ka6 45. Re2 b3+ 46. Ka3 Ba5 47. Rf2 Bc3 48. Rh2 Ka5 49. Rf2 Bd4 50. Rh2 b2 51. Ka2 Kb4 52. Re2 a3 0-1

[Event "Petroupoli op 6th"]
[Site "Petroupoli"]
[Date "2011.10.26"]
[Round "4"]
[White "Drakopoulos, Polyhronis Panayot"]
[Black "Rigopoulos, Theodoros"]
[Result "1/2-1/2"]
[WhiteElo "1666"]
[BlackElo "1853"]
[PlyCount "97"]
[EventDate "2011.10.15"]
[EventType "swiss"]
[EventRounds "7"]
[EventCountry "GRE"]
[SourceTitle "EXT 2013"]
[Source "ChessBase"]
[SourceDate "2012.11.22"]
[SourceVersion "1"]
[SourceVersionDate "2012.11.22"]
[SourceQuality "1"]

1. e4 d5 2. exd5 Qxd5 3. Nc3 Qa5 4. d4 c6 5. Bc4 Nf6 6. Bd2 Bf5 7. Qe2 Qc7 8. Nf3 e6 9. 0-0-0 Nbd7 10. h3 b5 11. Bb3 a5 12. g4 Bg6 13. a4 b4 14. Nb1 Nb6 15. h4 c5 16. dxc5 Bxc5 17. h5 Be4 18. g5 Qc6 19. Ne5 Qc7 20. f3 Qxe5 21. gxf6 Bd4 22. c3 Bxb1 23. Qxe5 Bxe5 24. fxg7 Bxg7 25. Kxb1 bxc3 26. Bxc3 Bxc3 27. bxc3 Ke7 28. Rhg1 Rac8 29. Kb2 Rc5 30. Rh1 Rg8 31. Rh2 Rg3 32. Rf1 Rf5 33. Bc2 Nc4+ 34. Ka2 Ne3 35. Bxf5 Nxf1 36. Rf2 exf5 37. Rxf1 Kd6 38. Kb3 Kc5 39. f4 Rg4 40. Rf2 Rh4 41. Re2 Rxf4 42. Re5+ Kb6 43. Re7 Rh4 44. h6 Rxh6 45. Rxf7 Rc6 46. Rxf5 Rc5 47. Rf6+ Rc6 48. Rf5 Rc5 49. Rf6+ 1/2-1/2

[Event "GRE-ch U12"]
[Site "Kallithea"]
[Date "2010.07.02"]
[Round "9"]
[White "Stamatopoulos, Apostolos"]
[Black "Drakopoulos, Polyhronis Panayot"]
[Result "0-1"]
[WhiteElo "1574"]
[BlackElo "1558"]
[PlyCount "94"]
[EventDate "2010.06.26"]
[EventType "swiss"]
[EventRounds "9"]
[EventCountry "GRE"]
[SourceTitle "EXT 2012"]
[Source "ChessBase"]
[SourceDate "2011.11.24"]
[SourceVersion "1"]
[SourceVersionDate "2011.11.24"]
[SourceQuality "1"]

1. d4 Nf6 2. c4 g6 3. Nc3 d5 4. cxd5 Nxd5 5. e4 Nxc3 6. bxc3 Bg7 7. Be3 c5 8. Nf3 Nc6 9. h3 Qa5 10. Qd2 0-0 11. Rc1 cxd4 12. cxd4 Qxd2+ 13. Kxd2 Rd8 14. Kc3 Be6 15. Bc4 Bxc4 16. Kxc4 Rac8 17. Kd3 Nb4+ 18. Kd2 Nxa2 19. Rxc8 Rxc8 20. Ra1 Nc3 21. Kd3 Nb5 22. Rb1 a6 23. Bd2 Rd8 24. Be3 Kf8 25. Rb4 Ke8 26. d5 Rc8 27. Bd4 Bxd4 28. Nxd4 Nxd4 29. Kxd4 b5 30. Rb2 Kd7 31. Ra2 Rc4+ 32. Kd3 Ra4 33. Rxa4 bxa4 34. Kc4 a5 35. Kc3 Kd6 36. Kb2 Ke5 37. f3 f5 38. exf5 gxf5 39. Ka3 Kxd5 40. Kxa4 Ke5 41. g3 Kd4 42. Kxa5 Ke3 43. g4 Kxf3 44. gxf5 Kf4 45. Kb4 Kxf5 46. Kc4 Kf4 47. Kd3 Kg3 0-1

[Event "GRE-ch U12"]
[Site "Kallithea"]
[Date "2010.07.01"]
[Round "8"]
[White "Drakopoulos, Polyhronis Panayot"]
[Black "Papadopoulos, Argirios"]
[Result "0-1"]
[WhiteElo "1558"]
[BlackElo "1664"]
[PlyCount "68"]
[EventDate "2010.06.26"]
[EventType "swiss"]
[EventRounds "9"]
[EventCountry "GRE"]
[SourceTitle "EXT 2012"]
[Source "ChessBase"]
[SourceDate "2011.11.24"]
[SourceVersion "1"]
[SourceVersionDate "2011.11.24"]
[SourceQuality "1"]

1. e4 c5 2. Nf3 e6 3. d4 cxd4 4. Nxd4 a6 5. Nc3 Qc7 6. Bd3 Nc6 7. Nxc6 bxc6 8. 0-0 Nf6 9. Qe2 Be7 10. Bd2 0-0 11. Rae1 Bb7 12. Kh1 d5 13. f4 Rfe8 14. e5 Nd7 15. Qh5 g6 16. Qh6 Bf8 17. Qh4 Bg7 18. Ne2 c5 19. c4 Rad8 20. Rd1 Qc6 21. Qf2 Nb6 22. b3 dxc4 23. Bxc4 Nxc4 24. bxc4 Rd3 25. Be3 Rxe3 26. Rd6 Qxg2+ 27. Qxg2 Bxg2+ 28. Kxg2 Rxe2+ 29. Kg3 Rxa2 30. Rc6 Bf8 31. Rb1 Rd8 32. Rbb6 Rd3+ 33. Kg4 Rg2+ 34. Kh4 Be7# 0-1

[Event "GRE-ch U12"]
[Site "Kallithea"]
[Date "2010.06.29"]
[Round "5"]
[White "Drakopoulos, Polyhronis Panayot"]
[Black "Kelires, Andreas"]
[Result "1/2-1/2"]
[WhiteElo "1558"]
[BlackElo "1737"]
[PlyCount "38"]
[EventDate "2010.06.26"]
[EventType "swiss"]
[EventRounds "9"]
[EventCountry "GRE"]
[SourceTitle "EXT 2012"]
[Source "ChessBase"]
[SourceDate "2011.11.24"]
[SourceVersion "1"]
[SourceVersionDate "2011.11.24"]
[SourceQuality "1"]

1. d4 d5 2. c4 e6 3. Nc3 Nf6 4. cxd5 exd5 5. Bg5 Nbd7 6. e3 c6 7. Bd3 Qa5 8. Qc2 b5 9. Qd2 Ba6 10. Nf3 b4 11. Ne2 Ne4 12. Qd1 b3+ 13. Kf1 Bxd3 14. Qxd3 bxa2 15. Nc3 Nxc3 16. Qxc3 Qxc3 17. bxc3 Be7 18. Ke2 Bxg5 19. Nxg5 a5 1/2-1/2